Sink or Swim Logic Puzzle Quiz Stats

Quiz Updated Apr 6, 2015

Challenge
Share
Tweet
Score 0/30 Timer 20:00
7 Plays Today
% Correct





A1
???
100%





E2
???
99.8%





B4
???
99.8%





F5
???
99.8%





B1
???
43.3%





C1
???
42.1%





B2
???
33.5%





D1
???
29.2%





E4
???
29.1%





F2
???
27.5%





D2
???
25.9%





E5
???
25.8%





F1
???
25.2%





A2
???
23.6%





C2
???
22.6%
% Correct





A4
???
22.4%





F4
???
22.3%





E1
???
21.7%





B5
???
21%





D4
???
20.1%





C5
???
19.8%





A5
???
19.6%





C4
???
19.4%





D5
???
19.1%





A3
???
18.2%





B3
???
17%





F3
???
17%





E3
???
13.6%





C3
???
11.9%





D3
???
10.8%

You're not logged in!

Compare scores with friends on all Sporcle quizzes.
Sign Up with Email
OR
Log In

You Might Also Like...

Show Comments

Extras

Top Quizzes Today


Score Distribution

Your Account Isn't Verified!

In order to create a playlist on Sporcle, you need to verify the email address you used during registration. Go to your Sporcle Settings to finish the process.